000 00954cam a2200277Ma 4500
001 98415
005 20230410132839.0
008 920428s1955 ag b 000 0 spa d
035 _a(OCoLC)ocm55446046
040 _aDIBAM
_bspa
_cDIBAM
_dOCLCQ
_dZZAND
_dBNM
035 _a(OCoLC)55446046
050 1 4 _aB DD 247
_bR941B 1955
082 0 0 _a923.543
049 _aGRAL
100 1 _aBlumentritt, Gunther.
245 1 0 _aVon Rundstedt :
_bel soldado y el hombre /
_cGunther Blumentritt ; prefacio del Mariscal de Campo Von Rundstedt ; version castellana de Adolfo Alvarez-Buylla.
260 _aBuenos Aires :
_bEspasa Calpe,
_c1955.
300 _a233 p. . 2 p. de lams. :
_bmapas, facsms. ;
_c23 cm.
500 _aTraducido de idioma original: Von Rundstedt, the soldier and the man.
600 1 0 _aRundstedt, Gerd von,
_d1875-1953.
650 4 _aCFB
650 4 _aColección Font Bernard.
942 _2lcc
_cbk
946 _aMAT
994 _aC0
_bDRFGD
999 _c88857
_d88857